| 000 | 00414nam a2200169Ia 4500 | ||
|---|---|---|---|
| 005 | 20250423100821.0 | ||
| 008 | 250422s9999 xx 000 0 und d | ||
| 020 | _a0- 03-- 043686- 9 | ||
| 050 | _aHF 5429 .M324/ | ||
| 100 | _aRaymond A. Marquardt | ||
| 245 | 0 | _aRetail management satisfaction of conmer needs | |
| 250 | _a2nd | ||
| 260 | _bDryness press | ||
| 260 | _c1979 | ||
| 300 | _a663 p | ||
| 942 | _cBK | ||
| 999 |
_c34431 _d34431 |
||